000 00556 a2200181 4500
003 OSt
005 20230902132754.0
008 230902b |||||||| |||| 00| 0 eng d
020 _a9789355324627
040 _coclc
082 _a330.954
_bSIN/I
100 _aSinghania, Nitin
_99398
245 _aINDIAN ECONOMY
_bFOR CIVIL SERVICES AND OTHER COMPETITIVE EXAMINATIONS /
_cNitin Singhania
250 _a4th ed.
260 _aChennai:
_bMcgraw hill,
_c2023.
300 _a727 p
942 _2ddc
_cBK
_h330.954
_iSIN/I
_k330.954
_mSIN/I
999 _c42067
_d42067